书目信息 |
| 题名: |
犀牛传奇
|
|
| 作者: | 柳昌局 著 | |
| 分册: | ||
| 出版信息: | 北京 中国青年出版社 2006 |
|
| 页数: | 279页 | |
| 开本: | 25cm | |
| 丛书名: | ||
| 单 册: | ||
| 中图分类: | TB472 , TB472-39 | |
| 科图分类: | ||
| 主题词: | 工业产品--造型设计 | |
| 电子资源: | ||
| ISBN: | 7-5006-7066-4 | |
| 000 | 00967oam2 2200265 450 | |
| 001 | 0709000085 | |
| 005 | 20070531084736.15 | |
| 010 | @a7-5006-7066-4@dCNY59.00 | |
| 100 | @a20060204d2006 ekmy0chiy0120 ea | |
| 101 | 0 | @achi |
| 102 | @aCN@b110000 | |
| 105 | @aa z 000yy | |
| 200 | 1 | @a犀牛传奇@Axi niu chuan qi@eRHINO 3D 工业产品设计典型实例@f柳昌局著 |
| 210 | @a北京@c中国青年出版社@d2006 | |
| 215 | @a279页@c图@d25cm@e附光盘一片 | |
| 300 | @a产品设计专业学生 | |
| 307 | @a附光盘 ISBN:7-900219-06-4 | |
| 330 | @a本书的主要内容来自产品设计专业学生的授课资料,首先介绍了Rhino 3D软件的基本功能,然后通过经典实例介绍了综合使用各种功能进行工业产品设计的流程、方法及技巧。 | |
| 517 | 1 | @aRHINO 3D 工业产品设计典型实例@ARHINO 3D gong ye chan pin she ji dian xing shi li |
| 606 | 0 | @a工业产品@x造型设计 |
| 690 | @aTB472@v4 | |
| 690 | @aTB472-39@v3 | |
| 701 | 0 | @a柳昌局@Aliu chang ju@4著 |
| 801 | 0 | @aCN@bTAOJIN@c20070531 |
| 905 | @a10447@dTB472-39@e160 | |
| 犀牛传奇:RHINO 3D 工业产品设计典型实例/柳昌局著.-北京:中国青年出版社,2006 |
| 279页:图;25cm+附光盘一片 |
| 产品设计专业学生 |
| ISBN 7-5006-7066-4:CNY59.00 |
| 本书的主要内容来自产品设计专业学生的授课资料,首先介绍了Rhino 3D软件的基本功能,然后通过经典实例介绍了综合使用各种功能进行工业产品设计的流程、方法及技巧。 |
| ● |
| 相关链接 |
|
|
|
|
正题名:犀牛传奇
索取号:TB472-39/160
 
预约/预借
| 序号 | 登录号 | 条形码 | 馆藏地/架位号 | 状态 | 备注 |
| 1 | 0523664 | 205236644 | 第二样本阅览室/ [索取号:TB472-39/160] | 在馆 | |
| 2 | 0523665 | 205236653 | 第三借阅区/ [索取号:TB472-39/160] | 在馆 | |
| 3 | 0523666 | 205236662 | 第三借阅区/ [索取号:TB472-39/160] | 在馆 | |
| 4 | 0523667 | 205236671 | 第三借阅区/ [索取号:TB472-39/160] | 在馆 |